[Event "AUTO-ADV-2026"]
[Site "http://www.queenalice.com/game.php?id=881035"]
[Date "2011.1.4"]
[Round "1"]
[White "decarvalho"]
[Black "sandromm"]
[Result "1-0"]
[WhiteElo "1835"]
[BlackElo "1739"]

1. c4 Nf6 2. Nc3 g6 3. e4 d6 4. d4 Bg7 5. f3 O-O 6. Be3 e5 7. d5 Nbd7 8. Qd2 Nc5
9. Nge2 b6 10. g4 Ncd7 11. Ng3 Ba6 12. h4 h5 13. Bg5 Qe8 14. gxh5 Nxh5 15. Nxh5
gxh5 16. Bh6 Bxh6 17. Qxh6 f5 18. Rg1+ Kf7 19. Qg7# 1-0

[Event "AUTO-ADV-2026"]
[Site "http://www.queenalice.com/game.php?id=881036"]
[Date "2011.1.4"]
[Round "1"]
[White "sandromm"]
[Black "decarvalho"]
[Result "0-1"]
[WhiteElo "1739"]
[BlackElo "1785"]

1. e4 c5 2. Nf3 d6 3. d4 cxd4 4. Nxd4 Nf6 5. Nc3 a6 6. Bg5 Nbd7 7. Qd2 h6 8. Be3
e6 9. f3 b5 10. a3 Bb7 11. O-O-O d5 12. Kb1 b4 13. axb4 Bxb4 14. Bd3 dxe4 15.
fxe4 Bxe4 16. Nc6 Bxc6 17. Qf2 Bxc3 18. bxc3 Qa5 19. Bc1 Rb8+ 20. Bb2 Qxc3 21.
Qa7 Qxb2# 0-1

[Event "Challenge"]
[Site "http://www.queenalice.com/game.php?id=893581"]
[Date "2011.1.31"]
[Round "-"]
[White "decarvalho"]
[Black "Matrim"]
[Result "1-0"]
[WhiteElo "2050"]
[BlackElo "2023"]

1. e4 c5 2. Nf3 d6 3. d4 cxd4 4. Nxd4 Nc6 5. Nc3 g6 6. Be3 Bg7 7. f3 Nf6 8. Qd2
Nxd4 9. Bxd4 O-O 10. Bc4 Qc7 11. Bb3 Rd8 12. O-O-O Be6 13. Bxe6 fxe6 14. Qe3 b6
15. Rhe1 e5 16. Nb5 Qc6 17. Qb3+ Kf8 18. Be3 Rdc8 19. Qd3 a6 20. Nc3 b5 21. Rd2
b4 22. Nd5 Nxd5 23. Qxd5 a5 24. Qe6 h6 25. Qxg6 d5 26. Qxc6 Rxc6 27. Rxd5 e6 28.
Rc5 Rd6 29. Rd1 Rxd1+ 30. Kxd1 Rd8+ 31. Ke2 a4 32. c3 bxc3 33. Rxc3 h5 34. b3
axb3 35. axb3 Ke7 36. Bg5+ Bf6 37. Rc7+ Kd6 38. Bxf6 Kxc7 39. Bxd8+ Kxd8 40. g4
hxg4 41. fxg4 1-0

[Event "Challenge"]
[Site "http://www.queenalice.com/game.php?id=893582"]
[Date "2011.1.31"]
[Round "-"]
[White "Matrim"]
[Black "decarvalho"]
[Result "0-1"]
[WhiteElo "2023"]
[BlackElo "2032"]

1. e4 d6 2. d4 g6 3. Nf3 Bg7 4. c4 Nd7 5. Nc3 Ngf6 6. Bd3 O-O 7. O-O e5 8. d5
Nc5 9. Bg5 h6 10. Bh4 Qe8 11. Bc2 b6 12. Nb5 Na6 13. Ba4 Qd8 14. Qe2 Nc5 15. Bc2
a6 16. Nc3 Qe8 17. b4 Nb7 18. a4 Nh5 19. a5 bxa5 20. bxa5 Nc5 21. Na4 Nf4 22.
Qd2 Bg4 23. Nxc5 Bxf3 24. Ba4 c6 25. Bxc6 Qc8 26. Nd7 Bxg2 27. Rfe1 Bh3 28. f3
Bxd7 29. Bxa8 Qxa8 30. Be7 Rc8 31. Rec1 Qa7+ 32. Kh1 Bf8 33. Bxf8 Kxf8 34. Qb4
Qf2 35. Qxd6+ Kg8 36. Rg1 Qxf3+ 37. Rg2 Qxg2# 0-1

[Event "AUTO-MASTER-1335"]
[Site "http://www.queenalice.com/game.php?id=894714"]
[Date "2011.2.2"]
[Round "1"]
[White "ocarrasco"]
[Black "decarvalho"]
[Result "0-1"]
[WhiteElo "1981"]
[BlackElo "2095"]

1. e4 d6 2. d4 Nf6 3. Nc3 g6 4. f3 Bg7 5. Be3 c6 6. Qd2 b5 7. O-O-O Qa5 8. Kb1
b4 9. Nce2 Be6 10. Nc1 Nbd7 11. g4 Nb6 12. h4 h5 13. Nb3 Qa4 14. g5 Nfd7 15. f4
Nc4 16. Bxc4 Bxc4 17. f5 Rb8 18. Ne2 Rb5 19. Nec1 gxf5 20. exf5 Rxf5 21. Nd3 Ra5
22. Ndc1 Ra6 23. Rde1 Nb6 24. Bf4 Nc8 25. Qe3 Kd7 26. g6 f6 27. Qh3+ e6 28. Rd1
Ke7 29. Qg3 Bxb3 30. cxb3 Qb5 31. Rhe1 Rb6 32. Qe3 e5 33. dxe5 dxe5 34. Qd2 c5
35. Qd5 Re6 36. Nd3 Rd8 37. Qe4 Rd4 38. Qf5 Nd6 39. Qxh5 exf4 40. Rxe6+ Kxe6 41.
Nxc5+ Qxc5 42. Qxc5 Rxd1+ 43. Kc2 Rd2+ 44. Kc1 Rg2 45. Qxb4 Rxg6 46. Kc2 Bh6 47.
h5 Rg2+ 48. Kd3 f3 0-1

[Event "AUTO-MASTER-1335"]
[Site "http://www.queenalice.com/game.php?id=894715"]
[Date "2011.2.2"]
[Round "1"]
[White "decarvalho"]
[Black "ocarrasco"]
[Result "0-1"]
[WhiteElo "1993"]
[BlackElo "1957"]

1. e4 c5 2. Nf3 Nc6 3. d4 cxd4 4. Nxd4 g6 5. Nc3 Nf6 6. f3 Qb6 7. Nb3 Bg7 8. Qe2
d6 9. Be3 Qd8 10. O-O-O a6 11. Na4 b5 12. Bb6 bxa4 13. Bxd8 axb3 14. Bb6 bxa2
15. Kd2 Rb8 16. Be3 Rxb2 17. Qc4 Bd7 18. e5 Nxe5 19. Qxa6 O-O 20. Ra1 Be6 21. f4
Ne4+ 22. Kc1 Ng4 23. Bd3 Nxe3 24. Bxe4 Rfb8 25. Kd2 Nc4+ 26. Ke2 Nb6 27. Qa7 Nd5
28. Kf3 Nc3 0-1

[Event "AUTO-MASTER-1335"]
[Site "http://www.queenalice.com/game.php?id=894740"]
[Date "2011.2.2"]
[Round "1"]
[White "BIBIU16"]
[Black "decarvalho"]
[Result "0-1"]
[WhiteElo "2227"]
[BlackElo "1967"]

1. e4 d6 2. d4 g6 3. f4 Bg7 4. c4 c5 5. Be3 Qb6 6. Ne2 Qxb2 7. Nd2 cxd4 8. Rb1
Qxa2 9. Nxd4 Qa5 10. Be2 Nd7 11. O-O a6 12. N2b3 Qc7 13. Nf3 Ngf6 14. Bd4 e5 15.
fxe5 dxe5 16. Bb2 Qb6+ 17. c5 Nxc5 18. Nxc5 Qxc5+ 19. Kh1 Nxe4 20. Qa4+ Qc6 21.
Qb4 a5 22. Qb3 O-O 23. Rbc1 Nc5 24. Qe3 b6 25. Nxe5 Qe4 26. Qf2 Bxe5 27. Bf3 Qf5
28. Bxa8 Qxf2 29. Rxf2 Bxb2 30. Rxb2 Nd3 31. Rbc2 Nxc1 32. Rxc1 Be6 33. Bf3 Rc8
34. Ra1 a4 35. h3 Bb3 36. Kg1 b5 37. Kf2 b4 38. Bg4 Rc2+ 39. Kg3 a3 40. Kh2 Bd5
0-1

[Event "AUTO-MASTER-1335"]
[Site "http://www.queenalice.com/game.php?id=894741"]
[Date "2011.2.2"]
[Round "1"]
[White "decarvalho"]
[Black "BIBIU16"]
[Result "1-0"]
[WhiteElo "2002"]
[BlackElo "2198"]

1. d4 Nf6 2. c4 g6 3. Nc3 Bg7 4. e4 d6 5. Nf3 Nbd7 6. Be2 O-O 7. Be3 e5 8. d5
Ng4 9. Bg5 f6 10. Bh4 g5 11. Bg3 Nh6 12. h4 g4 13. Nh2 Nc5 14. Nxg4 Nxg4 15.
Bxg4 Bxg4 16. Qxg4 Nd3+ 17. Kf1 Nxb2 18. Qe2 Nxc4 19. Qxc4 a6 20. f3 f5 21. Bf2
fxe4 22. Nxe4 h6 23. Ke2 Rf7 24. Rhd1 Rb8 25. a4 b5 26. axb5 axb5 27. Qb4 Qd7
28. Rdc1 Qf5 29. Ra5 Qg6 30. g3 Qf5 31. Rc3 Qc8 32. Rxb5 Rxb5 33. Qxb5 Qa8 34.
Qb3 Qa6+ 35. Qc4 Qa5 36. Be1 h5 37. Rb3 Qa2+ 38. Bd2 Rf8 39. Rc3 Qa1 40. Ng5 Qg1
41. Be1 Ra8 42. Qxc7 Ra2+ 43. Rc2 Rxc2+ 44. Qxc2 Qg2+ 45. Bf2 1-0

[Event "AUTO-ADV-2026"]
[Site "http://www.queenalice.com/game.php?id=909001"]
[Date "2011.3.5"]
[Round "2"]
[White "Tauro"]
[Black "decarvalho"]
[Result "0-1"]
[WhiteElo "1829"]
[BlackElo "2083"]

1. e4 c5 2. d4 cxd4 3. c3 dxc3 4. Nxc3 Nc6 5. Nf3 d6 6. Bc4 e6 7. O-O Be7 8. Be3
Nf6 9. Qe2 a6 10. Rfd1 Qc7 11. Rac1 Bd7 12. Bb3 Rc8 13. Na4 b5 14. Nb6 Rb8 15.
Nxd7 Nxd7 16. Bd5 exd5 17. exd5 O-O 0-1

[Event "AUTO-ADV-2026"]
[Site "http://www.queenalice.com/game.php?id=909002"]
[Date "2011.3.5"]
[Round "2"]
[White "decarvalho"]
[Black "Tauro"]
[Result "1-0"]
[WhiteElo "2089"]
[BlackElo "1829"]

1. d4 Nf6 2. c4 g6 3. Nc3 Bg7 4. e4 O-O 5. Be2 d6 6. Nf3 Bg4 7. Be3 Nbd7 8. Nd2
Bxe2 9. Qxe2 e5 10. d5 Nb6 11. f3 Qd7 12. a4 a5 13. O-O c5 14. Nd1 Qc7 15. Nf2
Rfe8 16. Nh1 Qd7 17. g4 1-0

[Event "AUTO-ADV-2026"]
[Site "http://www.queenalice.com/game.php?id=909003"]
[Date "2011.3.5"]
[Round "2"]
[White "technicaldraw"]
[Black "decarvalho"]
[Result "0-1"]
[WhiteElo "2033"]
[BlackElo "2067"]

1. e4 d6 2. d4 Nf6 3. Nc3 g6 4. f4 Bg7 5. Nf3 O-O 6. Bd3 Nc6 7. O-O e5 8. dxe5
dxe5 9. f5 Nb4 10. fxg6 hxg6 11. Be3 Qe7 12. a3 Nxd3 13. Qxd3 c6 14. Rad1 Ng4
15. h3 Nxe3 16. Qxe3 Be6 17. Rd2 b6 18. Rfd1 Rfd8 19. Rxd8+ Rxd8 20. Rxd8+ Qxd8
21. Qg5 Qd7 22. Kh1 Qd6 23. h4 Kh7 24. h5 Bd7 25. hxg6+ Qxg6 26. Qxg6+ Kxg6 27.
Kg1 Kh5 28. Kf2 f5 29. exf5 Bxf5 30. Kg3 Bxc2 31. Nh2 Bh6 0-1

[Event "AUTO-ADV-2026"]
[Site "http://www.queenalice.com/game.php?id=909004"]
[Date "2011.3.5"]
[Round "2"]
[White "decarvalho"]
[Black "technicaldraw"]
[Result "1/2-1/2"]
[WhiteElo "2004"]
[BlackElo "1968"]

1. e4 c5 2. Nf3 e6 3. c4 Nc6 4. Nc3 e5 5. Be2 d6 6. d3 g6 7. Bg5 f6 8. Be3 a6 9.
a4 Be6 10. Nd2 Nd4 11. f4 Bh6 12. Nd5 Bxd5 13. exd5 Ne7 14. Bxd4 exd4 15. g3 Nf5
16. Bf3 Ne3 17. Qe2 O-O 18. Nf1 Re8 19. Kf2 Ng4+ 20. Bxg4 Rxe2+ 21. Bxe2 Qa5 22.
h4 Re8 23. h5 g5 24. f5 Qb4 25. g4 Qxb2 26. Ng3 Qb6 27. Rhb1 Qc7 28. Ne4 Kf7 29.
Rb2 Bf8 30. Rab1 Rb8 31. Rb6 a5 32. Bf3 Be7 33. R1b5 h6 34. Nxc5 dxc5 35. d6
Bxd6 36. Rxb7 Rxb7 37. Rxb7 Qxb7 38. Bxb7 Be5 39. Kf3 Ke7 40. Ke4 Kd6 41. Ba6
1/2-1/2

[Event "Challenge"]
[Site "http://www.queenalice.com/game.php?id=949988"]
[Date "2011.6.15"]
[Round "-"]
[White "decarvalho"]
[Black "eddval"]
[Result "1-0"]
[WhiteElo "2105"]
[BlackElo "2158"]

1. d4 Nf6 2. c4 e6 3. Nc3 Bb4 4. Qc2 b6 5. e4 Bb7 6. Bd3 Bxc3+ 7. bxc3 d6 8. f4
h6 9. Nf3 O-O 10. O-O Nbd7 11. e5 Ne8 12. Be4 Bxe4 13. Qxe4 f5 14. exf6 Rxf6 15.
Nh4 Nf8 16. f5 exf5 17. Nxf5 Re6 18. Nxh6+ gxh6 19. Rxf8+ Kxf8 20. Qxe6 1-0

[Event "AUTO-MASTER-1335"]
[Site "http://www.queenalice.com/game.php?id=952031"]
[Date "2011.6.20"]
[Round "2"]
[White "decarvalho"]
[Black "BIBIU16"]
[Result "1-0"]
[WhiteElo "2115"]
[BlackElo "2080"]

1. e4 g6 2. d4 Bg7 3. Nc3 d6 4. Be3 Nf6 5. Qd2 O-O 6. f3 e5 7. dxe5 dxe5 8. Qxd8
Rxd8 9. Nb5 Na6 10. a3 b6 11. Bc4 c6 12. Nc3 b5 13. Bd3 Nc7 14. Nge2 Be6 15. Rd1
a5 16. a4 b4 17. Nb1 Na6 18. b3 Rd7 19. Nd2 Bf8 20. Bc4 Bxc4 21. Nxc4 Rxd1+ 22.
Kxd1 Nc5 23. Nxe5 Rd8+ 24. Kc1 Rc8 25. Nd4 Bd6 26. Nexc6 Nfd7 27. Nxa5 Ne5 28.
Kb2 Ra8 29. Nac6 Nxa4+ 30. bxa4 Nc4+ 31. Kb3 Nxe3 32. g3 Bc5 33. Re1 Bxd4 34.
Nxd4 Rd8 35. Rxe3 Rxd4 36. Rd3 1-0

[Event "AUTO-MASTER-1335"]
[Site "http://www.queenalice.com/game.php?id=952037"]
[Date "2011.6.20"]
[Round "2"]
[White "FERREIRA16"]
[Black "decarvalho"]
[Result "0-1"]
[WhiteElo "2125"]
[BlackElo "2126"]

1. d4 Nf6 2. c4 g6 3. Nc3 Bg7 4. e4 d6 5. f4 c5 6. dxc5 Qa5 7. Bd2 Qxc5 8. Qf3
Qc6 9. Bd3 Nbd7 10. b4 Rb8 11. Nge2 b6 12. Rc1 Bb7 13. Nd4 Qc8 14. Be3 O-O 15.
O-O Ra8 16. Nd5 Qd8 17. Nb5 a6 18. Nbc7 Rc8 19. f5 Rxc7 20. Nxc7 Qxc7 21. Qf4
Ne5 22. Bb1 Nxc4 23. Bf2 b5 24. g4 Qc6 25. Rfe1 d5 26. e5 d4 27. Kf1 Qg2+ 28.
Ke2 Nxg4 29. Rg1 Qxf2+ 30. Qxf2 Nxf2 31. Kxf2 Bxe5 32. fxg6 fxg6+ 33. Ke2 Bf3+
34. Ke1 Bxh2 35. Rg5 Bf4 0-1

[Event "AUTO-MASTER-1335"]
[Site "http://www.queenalice.com/game.php?id=952039"]
[Date "2011.6.20"]
[Round "2"]
[White "secretguy"]
[Black "decarvalho"]
[Result "1-0"]
[WhiteElo "2372"]
[BlackElo "2119"]

1. Nf3 Nf6 2. d4 g6 3. g3 Bg7 4. Bg2 O-O 5. c4 d6 6. Nc3 Nbd7 7. e4 e5 8. O-O c6
9. dxe5 Nxe5 10. Qb3 Qc7 11. Bg5 Be6 12. Nxe5 dxe5 13. Qa4 Rfd8 14. Rac1 b6 15.
Rfd1 Rd7 16. Nd5 Bxd5 17. cxd5 c5 18. b4 Qd6 19. bxc5 bxc5 20. Bxf6 Bxf6 21.
Rxc5 Qxc5 22. Qxd7 Qc2 23. Bf3 Rb8 24. Qxa7 Rb2 25. d6 Rxa2 26. Qe3 Bg5 27. Qe1
Bd2 28. Qe2 Qc3 29. d7 Qd4 30. Qc4 Qxc4 31. d8=Q+ Kg7 32. Rxd2 Qc1+ 33. Rd1 Qc2
34. Rf1 Qc5 35. Qd5 Qxd5 36. exd5 Rd2 37. Rd1 1-0

[Event "Challenge"]
[Site "http://www.queenalice.com/game.php?id=1055110"]
[Date "2012.5.2"]
[Round "-"]
[White "fabricioprado"]
[Black "decarvalho"]
[Result "0-1"]
[WhiteElo "1458"]
[BlackElo "2138"]

1. d4 Nf6 2. Bg5 g6 3. c4 Bg7 4. Nc3 d6 5. e3 c5 6. Nf3 O-O 7. Be2 Nc6 8. O-O
cxd4 9. Nxd4 Qb6 10. Bxf6 Bxf6 11. Rb1 Nxd4 12. Nd5 Nxe2+ 13. Qxe2 Qd8 14. Nxf6+
exf6 15. Rfd1 Qc7 16. b3 Be6 17. Rb2 Rfd8 18. h3 f5 19. Rbd2 Rd7 20. Rd4 Rad8
21. h4 d5 22. h5 dxc4 23. hxg6 fxg6 24. Rxd7 Rxd7 25. Rxd7 Qxd7 26. bxc4 Qc7 0-1

[Event "Challenge"]
[Site "http://www.queenalice.com/game.php?id=1055111"]
[Date "2012.5.2"]
[Round "-"]
[White "fabricioprado"]
[Black "decarvalho"]
[Result "0-1"]
[WhiteElo "1458"]
[BlackElo "2139"]

1. e4 c5 2. Nf3 e6 3. d4 cxd4 4. Nxd4 a6 5. Nc3 Qc7 6. Be2 b5 7. O-O Bb7 8. Re1
Nc6 9. Nf3 d6 10. Bf1 Nf6 11. Bg5 Be7 12. a3 O-O 13. h3 h6 14. Bh4 Rac8 15. Ne2
Nxe4 16. Bxe7 Nxe7 17. Nfd4 Nd5 18. Rc1 Qc5 19. b4 Qb6 20. Ng3 Nxg3 21. fxg3 e5
22. Kh1 exd4 23. Bd3 Nc3 24. Qg4 Nd5 25. Re2 Ne3 26. Rce1 Nxg4 0-1

[Event "Challenge"]
[Site "http://www.queenalice.com/game.php?id=1637370"]
[Date "2020.12.23"]
[Round "-"]
[White "fabricioprado"]
[Black "decarvalho"]
[Result "0-1"]
[WhiteElo "1717"]
[BlackElo "2140"]

1. e4 c5 2. Nf3 d6 3. Be2 Nf6 4. d3 Nc6 5. O-O e5 6. Nc3 Be7 7. a3 O-O 8. b3 a6
9. Bb2 Be6 10. h3 b5 11. Na2 Rb8 12. Qd2 h6 13. c4 Nd7 14. Bc3 f5 15. exf5 Bxf5
16. Nc1 Qe8 17. Nh2 Qg6 18. Kh1 bxc4 19. bxc4 Nd4 20. Bxd4 cxd4 21. Bg4 Bxg4 22.
Nxg4 h5 23. Nh2 Bg5 24. Qe2 Nc5 25. Rd1 Bxc1 26. Raxc1 Rb3 27. Nf3 Nxd3 28. Rxd3
Qxd3 29. Qxd3 Rxd3 30. Ng1 Rxf2 31. a4 Rc3 0-1